000 00891nam a22002897a 4500
001 BR3800016
003 BR-BrBNA
005 20230928082900.0
007 ta
008 230509b bl.||||| |||| 00| 0 por d
040 _aBR-BrBNA
_bpor
_cBiblioteca Nacional de Agricultura
041 _a(Por)
072 _aD50; A00
_b/G514
090 _ D50 BR3800016
100 1 _aSilva, H.B. e
110 1 _aSecretaria da Agricultura, Industria e Commercio do Estado de Sao Paulo, Sao Paulo (Brasil). Directoria de Publicidade
245 1 _aConsideracao synthetica das leis e decretos estaduaes - 1930 a 1938 [legislacao, agricultura, Sao Paulo, Brasil]
250 1 _a2. ed.
260 3 _aSao Paulo, SP (Brasil):
_c1938.
300 _a132 p.
650 _aLEGISLACAO
650 _aLEI
650 _aDECRETO
650 _aSAO PAULO
909 _a202309
_bLucia
_c55
_dLucia Elande
942 _cBK
999 _c10428
_d10428